000 00720nam a2200229Ia 4500
003 GCL
008 140319s9999 xx 000 0 ara d
040 _aGCL /
_cGCL
082 0 4 _a358.4
_bج ق
100 1 _aجبر على جبر
245 1 0 _aالقوة الجوية بين السياسة المصرية والاسرائيلية1952-1922 /
_cجبر على جبر
260 _a[S.N] :
_bالمكتبة الاكاديمية ،
_c1993
300 _a835 ص
490 _a
650 0 4 _aمصر
650 0 4 _aالنزاع العربى الاسرائيلى
650 0 4 _aالسياسة
650 0 4 _aاسرائيل
650 0 4 _aالدفاع الجوى
650 0 4 _aالقوات الجوية
942 _2ddc
_cBK
999 _c55797
_d55797